000 00248nam a2200097Ia 4500
001 915213
005 20250826185830.0
008 250824s9999 xx 000 0 und d
245 0 _aENGELSİZ MASALLAR
_cAYŞEGÜL SÖZEN DAĞ
260 _bCEZVE YAYINLARI
999 _c915213
_d915213